| 000 | 00474cam a2200181 a 4500 | ||
|---|---|---|---|
| 020 | _a0387101977 (U.S.) | ||
| 040 | _cDLC | ||
| 082 | 0 | 0 |
_a581 SPR 1985 A063 Or. _a581 |
| 245 | 0 | 0 | _aRole of environmental factors / |
| 260 |
_aBerlin ; _aNew York : _bSpringer-Verlag, _cc1985. |
||
| 300 |
_axxii, 887 p. ; _c25 cm. |
||
| 650 | 0 | _aPlant hormones. | |
| 650 | 0 | _aPlant ecology. | |
| 700 | 1 | _aPharis, R. P., | |
| 700 | 1 | _aReid, D. M., | |
| 700 | 1 | _aBeall, F. D. | |
| 942 | _cEK | ||
| 999 |
_c15443 _d15443 |
||